| 000 | 00680nam a22001937a 4500 | ||
|---|---|---|---|
| 999 |
_c158266 _d158266 |
||
| 005 | 20181024121522.0 | ||
| 010 | _aENG-124350 | ||
| 020 |
_a9780199095384 _c750.00 |
||
| 035 | _aEN-107882 | ||
| 037 | _bDBAD/PUB | ||
| 082 | _a331.1196490290954 | ||
| 100 | _aZarin Ahmad | ||
| 245 |
_aDelhi's Meatscapes: _cby Zarin Ahmad _bMuslim butchers in a transforming mega-city / |
||
| 260 |
_aNew Delhi _bOxford University Press _c2018 |
||
| 270 |
_bNew Delhi _e110002 _a2/11 Ground Floor, Ansari Road, Daryaganj, |
||
| 300 |
_axii,243p _c21cm.(Hb) |
||
| 500 | _aIt includes glossary, references, index and about the author | ||
| 942 |
_2ddc _cEN _h331.1196490290954 _mZAR |
||